Datum a čas kvízu
26.5
Celkem bodů
Celkový počet nahraných bodů na tomto kvízu bez doplňovacích otázek.
5.
Pořadí na kvízu
Konečné umístění týmu na tomto kvízu.
Zaznamenané odpovědi
| # | Otázka | Odpověď | Body | Výsledky |
|---|---|---|---|---|
| 1. | S blížícím se adventním období... | z Dašic | 1 | |
| 2. | Rada města Akureyri přišla s n... | na Islandu | 0 | |
| 3. | Koncert pro budoucnost, který... | Václava Havla | 0 | |
| 4. | Škoda Auto minulý čtvrtek před... | Slavia | 0 | |
| 5. | Naše tenistky na Turnaji mistr... | Barbora Krejčíková, Kateřina Siniaková | 1 | |
| 6. | K vytvoření tohoto tématu nás... | The Wire | 0 | |
| 7. | V žebříčku se kromě seriálu Pe... | Saul Goodman | 0 | |
| 8. | Na pátém místě žebříčku skonči... | 8 sérií | 0 | |
| 9. | Největší zastoupení v žebříčku... | Výmarská republika/výmarské Německo | 0 | |
| 10. | Dalším seriálem vybočujícím z... | Kodaň, Malmö | 0 |